000 00856cab a2200229 4500
001 WB2249-33
008 090401t1986 xxu||||| |||| 00| 0 eng d
035 _a(Sirsi) u50672
041 _aeng
245 _aArbitrator`s award
260 _c1986
350 _a0
490 _aChartered Surveyor Weekly
_vvol 17 no 11 11/12/86 p1064
520 _aA report of the case General Accident Fire & Life Assurance plc v Electronic data Processing plc , where the judge decided that the hypothetical lease should for the purposes of a rent review , be assumed not to include a rent-review clause.
650 _aBRITISH GAS CORPORATION V
650 _aPHILPOTS WOKING LTD V
650 _aSURREY CONVEYANCERS LTD
650 _aUNIVERSITY SUPERANNUATION SCHEME
690 _aLANDLORD AND TENANT-CASE LAW-RENT REVIEWS
942 _n0
948 _c04/03/1997
999 _c31625
_d31625